| Tag |
First Indicator |
Second Indicator |
Subfields |
| LEADER |
00000cam a22000008a 4500 |
| 001 |
in00000020742 |
| 005 |
20151007055446.0 |
| 008 |
870714s1988 nyu 00011 eng |
| 010 |
|
|
|a 87020594
|
| 020 |
|
|
|a 0892962879
|
| 035 |
|
|
|a (OCoLC)16406152
|
| 035 |
|
|
|9 AAB8305AM
|
| 040 |
|
|
|a DLC
|c DLC
|d TXA
|d UtOrBLW
|
| 049 |
|
|
|a TXAM
|c [A11115988]
|
| 050 |
0 |
0 |
|a PS3553.O524
|b J6 1988
|
| 082 |
0 |
|
|a 813/.54
|2 19
|
| 100 |
1 |
|
|a Constantine, K. C.
|
| 245 |
1 |
0 |
|a Joey's case /
|c K.C. Constantine.
|
| 263 |
|
|
|a 8804
|
| 264 |
|
1 |
|a New York :
|b Mysterious Press,
|c 1988.
|
| 300 |
|
|
|a 216 pages
|
| 336 |
|
|
|a text
|b txt
|2 rdacontent
|
| 337 |
|
|
|a unmediated
|b n
|2 rdamedia
|
| 338 |
|
|
|a volume
|b nc
|2 rdacarrier
|
| 999 |
|
|
|a MARS
|
| 999 |
f |
f |
|s b6aa63f3-f48e-3d00-a32c-9afe2f1307fb
|i bae3f63e-dad9-31bb-9ba4-2d0cf360b765
|t 0
|
| 952 |
f |
f |
|p normal
|a Texas A&M University
|b College Station
|c Sterling C. Evans Library
|d Evans: Library Stacks
|t 0
|e PS3553.O524 J6 1988
|h Library of Congress classification
|i unmediated -- volume
|m A14811115988
|
| 998 |
f |
f |
|a PS3553.O524 J6 1988
|t 0
|l Evans: Library Stacks
|